Normal view
MARC view
Entry Personal Name
001 - CONTROL NUMBER
- control field: 17323
003 - CONTROL NUMBER IDENTIFIER
- control field: dpl
005 - DATE AND TIME OF LATEST TRANSACTION
- control field: 20100827153002.0
008 - FIXED-LENGTH DATA ELEMENTS
- fixed length control field: 100827|||a|||||| | ||| d
040 ## - CATALOGING SOURCE
- Original cataloging agency: dpl
- Transcribing agency: dpl
100 ## - HEADING--PERSONAL NAME
- Personal name: चक्रवर्ती, बिमलेन्द्र
670 ## - SOURCE DATA FOUND
- Source citation: Work cat.: (dpl)32518: चक्रवर्ती, बिमलेन्द्र, मन का पंछी /, 2009
670 ## - SOURCE DATA FOUND
- Source citation: Work cat.: (dpl)32518: चक्रवर्ती, बिमलेन्द्र, मन का पंछी /, 2009
